000 02815nam0a22004451 4500
001 v19\rc\1816990
005 20260503060425.0
035 _a(NLR Aleph) 004915605
090 _a5523545
_c5523545
100 _a20071224d1907 |||y0rusy50 ca
101 0 _arus
102 _aRU
105 _aab z |||z|
200 1 _aИсследования над составом и жизнью планктона Баренцева моря
_fА.К. Линко
_gКом. для помощи поморам Русского Севера
210 _aСанкт-Петербург
_cРус. скоропеч.
_cТипо-литография И. Усманова
_d1907
215 _a[4], 247 с.
_cил., карт.
_d30
225 1 _aЭкспедиция для научно-промысловых исследований у берегов Мурмана
300 _aТит. л. и обл. на рус. и нем. яз.
316 _aЭкз. РНБ (38.27.2.58(8)): приплетено к: Смирнов Н. Экспедиция для научно-промысловых исследований у берегов Мурмана... Спб., 1903
_5NLR: 38.27.2.58(8)
316 _aЭкз. РНБ (136/643): с автогр. авт.
_5NLR: 136/643
320 _aБиблиогр.: с. 240-245
482 0 _12001#$aЭкспедиция для научно-промысловых исследований у берегов Мурмана...
_1210##$aСанкт-Петербург$d1903
_1700#1$3RU\NLR\AUTH\770132884$aСмирнов$bН. А.$cзоолог$f1878-1942$gНестор Александрович
_171002$3RU\NLR\AUTH\8810184539$aМурманская научно-промысловая экспедиция$c1898-1908
_tЭкспедиция для научно-промысловых исследований у берегов Мурмана...
_aМурманская научно-промысловая экспедиция (1898-1908)
606 1 _aПланктон
_yБаренцево море
_91194620
_3RU\NLR\AUTH\66164790
617 _mСеверный Ледовитый океан
_mБаренцево море
686 _aЕ082.31(912.1)
700 1 _aЛинко
_bА.К.
_cзоолог
_f1872-1912
_gАлександр Кельсиевич
_3RU\NLR\AUTH\770132895
_9132861
711 0 2 _aМурманская научно-промысловая экспедиция
_c1898-1908
_3RU\NLR\AUTH\8810184539
_9865437
801 0 _aRU
_bNLR
_gpsbo
801 0 _aRU
_bRuMoRGB
_2psbo
801 1 _aRU
_bProSoft-M
_2rusmarc
801 2 _aRU
_bNLR
_c20140403
_2rusmarc
852 _aNLR
_j38.27.2.58(7, 8)(алл. 2)
852 _aNLR
_j136/643
899 _aRuMoRGB
_jT 42/39
899 _aRuMoRGB
_jT 36/320
899 _aБАН
899 _aНБ СПбГУ
899 _aНБ МГУ
942 _cBOOK
980 _aNB